| 000 | 00748nam a22002297a 4500 | ||
|---|---|---|---|
| 003 | UA-OsUOA | ||
| 001 | 37337 | ||
| 007 | ta | ||
| 008 | 20060306b un ||||| |||| 00| 0 ukr d | ||
| 090 |
_a811.133.1:33 _bЗ-41 |
||
| 942 | _cBK | ||
| 040 |
_aUA-OsUOA _bukr _cUA-OsUOA _dUA-OsUOA |
||
| 245 |
_aЗбірник економічних текстів для домашнього читання _bНавч. посібник _cЗа ред. О.Д. Колечко |
||
| 300 | _a364 с. | ||
| 955 | _a2 | ||
| 041 | _aukr | ||
| 080 | _a811.133.1:33 | ||
| 020 | _a966-574-179-9 | ||
| 260 |
_aК. _bКНЕУ _c2000 |
||
| 650 | 7 |
_a8 Мовознавство. Художня література. Літературознавство _2UDC |
|
| 999 |
_c323537 _d323537 |
||